| 000 | 00748nam a2200241Ia 4500 | ||
|---|---|---|---|
| 003 | GCL | ||
| 005 | 20240530110114.0 | ||
| 008 | 140319s9999 xx 000 0 ara d | ||
| 040 |
_aGCL / _cGCL |
||
| 082 | 0 | 4 |
_a605 _bح ط |
| 100 | 1 | _aحسين كامل بهاء الدين | |
| 245 | 1 | 0 |
_aطفلك كيف تحميه من الامراض الشائعة / _cحسين كامل بهاء الدين |
| 260 |
_a[S.N] : _bمركز الاهرام للترجمة والنشر ، _c1990 |
||
| 300 | _a159 ص | ||
| 490 |
_aاعرف صحتك _v0 |
||
| 650 | 0 | 4 | _aالطب |
| 650 | 0 | 4 | _aالاطفال |
| 650 | 0 | 4 | _aامراض |
| 650 | 0 | 4 | _aالامراض |
| 650 | 0 | 4 | _aطب الاطفال |
| 650 | 0 | 4 | _aالعناية الصحية |
| 942 |
_2ddc _cBK |
||
| 999 |
_c58599 _d58599 |
||